000 01031nam a22002537a 4500
005 20170124102940.0
010 _aB-066341
020 _c150.00
_a8172210319
035 _aB-066341
037 _bCen Lib/Ret
040 _aDPL
_bHN
082 _a827
_bअग्रवा
100 _aअग्रवाल, विजय
_947976
245 _aपि.एस. स्विकिंग /
_cविजय अग्रवाल
246 _aP. S. Swiking /
_bby Vijay agarwal
260 _aदिल्ली
_bसाहित्य प्रकाशन
_c2002
270 _bदिल्ली
_a२०५-बी चावडी बाज़ार
_e110006
300 _a142पृ.
_c20मी(सजिल्द)
650 _aहिन्दी साहित्य
_947977
650 _aहिन्दी साहित्य -- कहानियाँ
_947978
650 _aHindi literature
_947979
650 _aHindi literature -- stories
_947980
942 _2ddc
_cHN
_h827
_mअग्रवा
999 _c112515
_d112515